Statistics for 200 Digits of Pi

Click here to take the quiz!

General Stats

  • This quiz has been taken 75,106 times
  • The average score is 97 of 200

Answer Stats

Digit% Correct
1
100%
4
98%
1
97%
5
97%
9
96%
2
95%
6
95%
3
94%
5
94%
5
93%
8
92%
9
92%
7
91%
9
91%
2
90%
3
90%
3
89%
8
89%
4
88%
6
88%
2
87%
6
87%
4
86%
3
85%
3
85%
8
84%
2
83%
3
83%
7
82%
9
82%
5
81%
0
80%
2
79%
8
78%
8
78%
1
77%
4
77%
9
76%
1
75%
7
75%
6
74%
9
73%
3
72%
9
72%
3
71%
9
71%
5
70%
7
70%
1
69%
0
68%
5
67%
2
66%
8
66%
0
65%
9
65%
4
64%
7
64%
4
63%
4
63%
9
63%
5
62%
9
62%
2
61%
3
61%
0
60%
7
60%
1
59%
8
59%
4
58%
6
58%
0
57%
2
57%
6
57%
2
56%
6
56%
8
56%
0
55%
8
55%
9
55%
8
54%
9
54%
2
53%
6
53%
0
52%
3
52%
8
52%
4
51%
8
51%
2
50%
3
50%
4
50%
5
50%
1
49%
1
49%
2
49%
0
48%
6
48%
7
48%
7
48%
9
47%
8
46%
1
45%
2
45%
0
44%
4
44%
8
44%
6
43%
8
43%
1
42%
3
42%
5
42%
2
41%
2
41%
8
41%
0
40%
3
40%
4
39%
6
39%
6
39%
7
39%
0
38%
9
38%
3
37%
8
37%
4
36%
4
36%
6
36%
0
35%
5
35%
9
35%
0
34%
5
34%
5
34%
8
34%
2
33%
2
33%
3
33%
1
32%
2
32%
7
32%
3
31%
5
31%
5
31%
4
30%
9
30%
0
29%
1
29%
2
29%
8
29%
8
29%
4
27%
1
26%
8
26%
1
25%
1
25%
7
24%
4
23%
5
23%
0
22%
2
22%
8
21%
0
20%
1
20%
4
20%
0
19%
2
19%
7
19%
1
18%
3
18%
9
18%
5
17%
8
17%
0
16%
1
16%
1
16%
2
16%
5
15%
5
15%
5
15%
9
15%
2
14%
2
14%
4
14%
4
14%
6
14%
6
14%
4
13%
5
13%
8
13%
9
13%
9
13%
0
12%
1
12%
3
12%
3
12%
4
12%
9
12%
6
11%
8
11%
9
11%

Score Distribution

Percentile by Number Answered

Percent of People with Each Score

Your Score History

You have not taken this quiz